[Event "Moscow-ch Men 2019"]
[Site "Moscow"]
[Date "2019.04.02"]
[Round "4.6"]
[White "Savchenko, Boris"]
[Black "Vorobiov, Evgeny E."]
[Result "1/2-1/2"]
[WhiteElo "2575"]
[BlackElo "2565"]
[Annotator "TA"]
[PlyCount "81"]
[EventDate "2019.03.30"]
[EventType "swiss"]
[EventCountry "RUS"]
[SourceTitle "playchess.com"]
[Source "ChessBase"]
[SourceQuality "1"]

{[%evp 21,81,0,2,10,30,-33,-28,-53,-56,-60,-45,-77,-82,-87,-39,-37,-33,-38,-35,-48,-23,-28,-20,-66,-29,-29,-29,-29,-29,-29,-29,-29,-29,-29,-10,-10,-8,-8,-6,-6,-5,-5,-5,-8,-8,-8,-8,-8,0,-8,0,-8,0,-8,0,-8,0,-8,0,-8,0,-8]} 1. e4 c5 2. Nf3 d6 3. d4 cxd4 4. Nxd4 Nf6 5. Nc3 a6 6. Be3 Ng4 7. Bg5 h6 8. Bh4 g5 9. Bg3 Bg7 10. Be2 h5 11. Bxg4 hxg4 12. Qd2 {B90: Sicilian Najdorf: Unusual White 6th moves, 6 Be3 Ng4 and 6 Be3 e5} (12. Nd5 Nc6 13. Nf5 Bxf5 14. exf5 Bxb2 15. Rb1 Qa5+ 16. Qd2 Bf6 17. Rxb7 O-O 18. Nxe7+ Kg7 19. Nxc6 Rfe8+ 20. Kd1 Qxa2 21. Nb4 Qa1+ 22. Qc1 Qd4+ 23. Qd2 Qa1+ 24. Qc1 Qd4+ 25. Qd2 {½-½ (25) Shirov,A (2673)-Giri,A (2755) Baku 2016}) 12... Nc6 13. Nce2 (13. Nxc6 $11 bxc6 14. e5 (14. Qxg5 Bh6 $17)) 13... Qa5 $15 {[#] ...Qxd2+ is the strong threat.} 14. Qxa5 {Black has an edge.} Nxa5 15. O-O-O Nc6 16. Rhe1 Nxd4 $146 ({Predecessor:} 16... Bd7 17. Nxc6 bxc6 18. Nd4 a5 19. Nf5 Bf6 {0-1 (34) Currie,R (1809)-Bernal B,N (1894) IECG email 2002}) 17. Nxd4 Bxd4 18. Rxd4 f6 19. Kd2 Be6 20. a4 b5 21. Ra1 {aiming for axb5.} Kf7 22. Rd3 Rhc8 (22... b4 {looks sharper.} 23. Rc1 Rhb8 24. b3 Rb7 25. f3 gxf3 26. gxf3 Rh8) 23. axb5 axb5 24. Rxa8 Rxa8 25. Ra3 Rxa3 26. bxa3 $11 {[%mdl 4096] Endgame KB-KB} Bc4 27. f3 gxf3 28. gxf3 {The position is equal.} e5 29. h4 gxh4 30. Bxh4 Ke6 31. Ke3 d5 32. exd5+ Bxd5 33. f4 exf4+ 34. Kxf4 Bc6 35. Bg3 Bd5 36. Bh4 Bc6 37. Bg3 Bd5 38. Bh4 Bc6 39. Bg3 Bd5 40. Bh4 Bc6 41. Bg3 {Accuracy: White = 74%, Black = 43%.} 1/2-1/2

[Event "Moscow-ch Men 2019"]
[Site "Moscow"]
[Date "2019.04.02"]
[Round "4.7"]
[White "Dvalishvili, Pavel S."]
[Black "Kozionov, Kirill"]
[Result "1/2-1/2"]
[WhiteElo "2407"]
[BlackElo "2441"]
[Annotator "TA"]
[PlyCount "33"]
[EventDate "2019.03.30"]
[EventType "swiss"]
[EventCountry "RUS"]
[SourceTitle "playchess.com"]
[Source "ChessBase"]
[SourceQuality "1"]

{[%evp 24,33,21,0,43,0,0,0,53,0,14,0]} 1. e4 c5 2. Nf3 d6 3. Bb5+ Nd7 4. O-O a6 5. Bxd7+ Bxd7 6. d4 cxd4 7. Qxd4 e5 8. Qd3 h6 9. c4 {B51: Sicilian: Moscow Variation (3 Bb5+) without 3...Bd7} (9. a4 Nf6 10. a5 Be7 11. c4 b5 12. axb6 Qxb6 13. Nc3 O-O 14. Be3 Qb7 15. h3 Rfc8 16. Nd2 Be6 17. Rfb1 a5 18. b3 Ra6 19. Ra2 Bd7 20. Rba1 {½-½ (20) Wang,H (2730)-Nepomniachtchi,I (2763) St Petersburg 2018}) 9... b5 10. Nc3 bxc4 11. Qxc4 Be6 $146 ({Predecessor:} 11... Nf6 12. Qd3 Be7 13. Nd2 O-O 14. Nc4 Bb5 15. Nxb5 axb5 {1-0 (30) Khairullin,I (2658)-Khismatullin,D (2658) Khanty-Mansiysk 2013}) 12. Qc6+ Bd7 13. Qc4 {LiveBook: 26 Games} Be6 14. Qc6+ (14. Nd5 $5 {[%cal Rc4c6]} Rc8 15. Qxa6 $14) 14... Bd7 15. Qc4 (15. Qb7 $11) 15... Be6 $14 16. Qc6+ (16. Nd5 $5 {[%cal Rc4c6]} Bxd5 17. Qxd5 $14) 16... Bd7 17. Qc4 1/2-1/2

[Event "Moscow-ch Men 2019"]
[Site "Moscow"]
[Date "2019.04.02"]
[Round "4.8"]
[White "Golubov, Saveliy"]
[Black "Ivanov, Oleg V"]
[Result "1/2-1/2"]
[WhiteElo "2460"]
[BlackElo "2441"]
[Annotator "TA"]
[PlyCount "46"]
[EventDate "2019.03.30"]
[EventType "swiss"]
[EventCountry "RUS"]
[SourceTitle "playchess.com"]
[Source "ChessBase"]
[SourceQuality "1"]

{[%evp 10,46,36,30,29,7,32,15,18,0,0,0,18,14,25,19,46,47,51,46,47,48,50,50,50,50,54,46,46,22,27,20,58,-57,6,0,42,-43,0]} 1. d4 d5 2. c4 c6 3. Nf3 Nf6 4. e3 Bf5 5. Nc3 e6 6. Nh4 Be4 {D12: Slav Defence: 3 Nf3 Nf6 4 e3 Bf5} 7. Be2 dxc4 $146 ({Predecessor:} 7... Nbd7 8. O-O h6 9. cxd5 cxd5 10. Nxe4 Nxe4 11. g3 Be7 12. Ng2 O-O 13. Nf4 Rc8 14. f3 {½-½ (74) Fedoseev,V (2719)-Sharma,D (2295) St Petersburg 2018}) 8. Bxc4 Bd5 {The position is equal.} 9. Bd3 c5 10. Nxd5 Nxd5 11. Nf3 Nc6 12. dxc5 Ndb4 13. Bc4 Qxd1+ 14. Kxd1 Bxc5 15. Bd2 Ke7 16. Rc1 {Strongly threatening a3.} Bd6 17. e4 {[#] Threatens to win with a3.} Rac8 18. Ke2 Na6 19. Be3 Nc5 20. Nd2 Ne5 21. Nf3 (21. f4 $14 Nxc4 22. Rxc4) 21... Nc6 (21... Nxe4 $15 22. Nxe5 Bxe5) 22. Nd2 Ne5 23. Nf3 (23. f4 $14 Nxc4 24. Rxc4) 23... Nc6 {Accuracy: White = 55%, Black = 70%.} 1/2-1/2

[Event "Moscow-ch Men 2019"]
[Site "Moscow"]
[Date "2019.04.02"]
[Round "4.9"]
[White "Smirnov, Timofey"]
[Black "Yeletsky, Ivan"]
[Result "1/2-1/2"]
[WhiteElo "2345"]
[BlackElo "2409"]
[Annotator "TA"]
[PlyCount "82"]
[EventDate "2019.03.30"]
[EventType "swiss"]
[EventCountry "RUS"]
[SourceTitle "playchess.com"]
[Source "ChessBase"]
[SourceQuality "1"]

{[%evp 21,82,6,24,0,81,56,72,37,60,55,65,68,122,106,95,116,169,188,148,179,181,139,161,152,115,0,0,0,0,-29,-14,-14,-20,-16,-29,-198,-92,-108,-12,-6,-18,-84,-87,-90,-18,-37,0,0,0,0,0,0,0,0,0,0,0,0,0,0,0,0,0]} 1. e4 c5 2. Nf3 d6 3. d4 cxd4 4. Nxd4 Nf6 5. Nc3 a6 6. Bg5 e6 7. f4 Nbd7 8. Qf3 Qc7 9. O-O-O b5 10. Bd3 Bb7 11. Rhe1 Qb6 12. Nd5 {B96: Sicilian Najdorf: 6 Bg5 e6 7 f4, lines other than 7...Qb6 and 7...Be7} (12. Bxf6 Nxf6 13. f5 b4 14. Nce2 e5 15. Nb3 h5 16. Kb1 Be7 17. Nd2 Rc8 18. Nc4 Rxc4 19. Bxc4 Bxe4 20. Qb3 O-O {½-½ (39) Jakovenko,D (2735)-Gelfand,B (2731) Ashdod 2015}) 12... Qxd4 (12... Nxd5 13. exd5 g6 14. Nxe6 $1 $18 {[%mdl 512]}) (12... exd5 $11 13. Nc6 (13. exd5+ Kd8 $11) 13... dxe4 14. Bxe4 Nc5 15. Bf5+ Ne6 16. Bxe6 Bxc6 17. Bd5+ Kd7 18. Bxf6 gxf6) 13. Bxf6 $1 $16 gxf6 {[#]} 14. Bxb5 $1 {[%mdl 512] White is better.} Qc5 (14... axb5 15. Rxd4) 15. b4 $1 Qxb5 16. Nc7+ {[%mdl 64] Double Attack} Kd8 ({Black should play} 16... Ke7 $14 17. Nxb5 axb5) 17. Nxb5 axb5 18. Qh5 $1 {[%cal Rh5b5]} Ke7 $146 (18... e5 $16) ({Predecessor:} 18... Rxa2 19. Qxf7 Ra1+ {½-½ (40) Elishev,I (2153)-Michalowski,P (2024) Caleta 2015}) 19. Qxb5 $18 Bh6 20. g3 $1 ({But not} 20. Qxb7 $6 Rhb8 $11) 20... Rhb8 21. Rxd6 Kxd6 22. Rd1+ $1 Bd5 23. Qe2 ({White should try} 23. Qc4 $1 $16) 23... Rxb4 $11 24. exd5 e5 $1 $36 {[%cal Re5f4][%mdl 2048] Black has some pressure.} 25. c3 ({Don't blunder} 25. Qd2 $2 Rxf4 $1 {[%mdl 512]} 26. Kb1 (26. gxf4 $2 Bxf4 27. Qxf4 exf4 $19) 26... Rd4 $19) 25... Rba4 26. Qh5 {[%mdl 64] Double Attack} Bf8 27. Qxf7 Rxa2 28. Rd2 $2 (28. fxe5+ $11 {and White stays safe.} fxe5 29. Qxh7) 28... Ra1+ $19 29. Kc2 {[#]} e4 (29... exf4 $1 $17 30. gxf4 Re1) 30. Qe6+ $11 {[%mdl 64] Double Attack} Kc7 31. Qc6+ (31. d6+ $11 Kd8 32. Kb2) 31... Kd8 $17 32. d6 R8a2+ 33. Kb3 Rxd2 34. Qc7+ {The position is equal.} Ke8 35. Qc8+ Kf7 {( -> ...Rb1+)} 36. Qxd7+ Kg8 {Strongly threatening ...Rb1+.} 37. Qe6+ Kg7 38. Qd7+ Kg8 {...Rb1+ is the strong threat.} 39. Qe6+ Kg7 {aiming for ...Rb1+.} 40. Qd7+ Kg8 {And now ...Rb1+ would win.} 41. Qe6+ Kg7 {Accuracy: White = 67%, Black = 73%.} 1/2-1/2

[Event "Moscow-ch Men 2019"]
[Site "Moscow"]
[Date "2019.04.02"]
[Round "4.10"]
[White "Zakhartsov, Vladimir"]
[Black "Tsoi, Dmitry"]
[Result "1-0"]
[WhiteElo "2468"]
[BlackElo "2340"]
[Annotator "TA"]
[PlyCount "101"]
[EventDate "2019.03.30"]
[EventType "swiss"]
[EventCountry "RUS"]
[SourceTitle "playchess.com"]
[Source "ChessBase"]
[SourceQuality "1"]

{[%evp 14,101,25,0,59,18,42,18,29,0,26,24,29,25,37,20,32,35,32,41,32,30,39,45,37,37,51,52,56,40,43,41,50,59,105,105,101,104,145,129,135,129,127,117,135,128,122,122,118,101,218,218,218,218,218,66,390,364,381,362,364,364,613,600,712,326,593,589,4012,1677,1489,1150,955,930,947,808,702,708,1264,808,29961,29956,12435,6314,5477,5089,29981,29977,29985,29986]} 1. d4 f5 2. c4 Nf6 3. Nc3 e6 4. g3 d5 5. Bg2 c6 6. Nf3 Bd6 7. O-O O-O 8. Bf4 (8. b3 {keeps more tension.} b6 9. e3 Qe8 10. Ne5 Bb7 11. Bb2) 8... Ne4 {A90: Dutch Defence: Miscellaneous and Modern Stonewall (with ...Bd6)} ({Black should try} 8... Bxf4 $11 9. gxf4 dxc4) (8... b6 9. Bxd6 Qxd6 10. Ne5 Nbd7 11. Nxd7 {½-½ (11) Fernando,D (2475)-Lima,D (2511) Natal 2016}) 9. Bxd6 Nxd6 10. Nd2 $146 ({Predecessor:} 10. c5 Nf7 11. Ne5 Nxe5 12. dxe5 b6 13. cxb6 axb6 14. Qd2 Na6 15. Rfd1 Qe7 {1-0 (15) Amanov,M (2250)-Holmirzaev,B (2161) Bikaner 2004}) 10... Nd7 {The position is equal.} 11. e3 Qe7 12. Qe2 Kh8 13. f3 dxc4 14. Nxc4 e5 15. Nxe5 Nxe5 16. dxe5 Qxe5 17. Rfd1 Be6 18. f4 Qc5 19. Rac1 Rad8 20. Ne4 {[%mdl 64] Discovered Attack} Qb5 21. Qxb5 Nxb5 22. a4 $36 {[%mdl 2048] White is pushing.} Nc7 23. Nd6 Rb8 {[#]} 24. Nxb7 $1 {[%mdl 512]} Rxb7 25. Rxc6 Rfb8 {White should prevent ...Bb3.} 26. Rdc1 Rxb2 27. Rxc7 Rb1 28. h4 h6 29. Rxb1 Rxb1+ $16 {[%mdl 4096] Endgame KRB-KRB} 30. Kh2 Rb2 {aiming for ...Bd5.} 31. Kh3 ({Not} 31. Rxa7 $2 Bd5 $19) 31... a6 (31... Ra2 $16) 32. Rc6 $18 Bf7 33. e4 ({But not} 33. Rxa6 $6 Bh5 $16) 33... Kh7 34. Rxa6 $2 (34. Rc7 $18 Kg8 35. Rc8+ Kh7 36. exf5) 34... Bg6 $2 {[%mdl 8192]} (34... Bh5 $14) 35. h5 {[%mdl 64] Deflection} Bxh5 {Strongly threatening ...Bg4+.} 36. exf5 Be2 37. Rd6 Rb4 $2 (37... Kg8 38. Bd5+ Kf8) 38. a5 Ra4 39. Rd5 (39. Bd5 $142) 39... h5 $2 (39... Ra3 40. Rc5 Bd3) 40. Kh4 Kh6 41. Rd6+ Kh7 42. Bc6 Rxa5 43. Be8 {Black must now prevent Bg6+.} Ra8 44. Bg6+ Kg8 45. Bxh5 Bxh5 46. Kxh5 {KR-KR} Kh7 47. Re6 Ra3 48. Kg4 Ra5 49. f6 g6 50. Re7+ Kh6 51. Re8 {Accuracy: White = 71%, Black = 28%.} 1-0

[Event "Moscow-ch Men 2019"]
[Site "Moscow"]
[Date "2019.04.02"]
[Round "4.11"]
[White "Yarygin, Maksim"]
[Black "Dragomarezkij, Evgeni"]
[Result "0-1"]
[WhiteElo "2204"]
[BlackElo "2386"]
[Annotator "TA"]
[PlyCount "140"]
[EventDate "2019.03.30"]
[EventType "swiss"]
[EventCountry "RUS"]
[SourceTitle "playchess.com"]
[Source "ChessBase"]
[SourceQuality "1"]

{[%evp 11,140,9,13,-36,-23,-27,-9,-13,0,-7,-6,-20,-16,-24,-18,-57,-53,-41,-24,-51,-24,-97,-56,-113,-108,-108,-56,-30,-30,-34,-37,-41,-34,-192,-182,-197,-208,-201,-199,-192,-175,-196,-208,-257,-202,-302,-233,-233,-231,-229,-238,-231,-231,-235,-233,-212,-146,-144,-52,-94,-109,-79,-49,-49,-55,-48,-55,-68,-13,-21,-21,-21,-21,-27,-18,-20,0,-22,-17,-131,-133,-200,-215,-236,-114,-121,-139,-110,-66,-142,-144,-1804,-1528,-1820,-1475,-917,-313,-259,-25,-725,-681,-884,-670,-663,-281,-589,-535,-2964,-2354,-1702,-1583,-29980,-29981,-29981,-29982,-29982,-29954,-29961,-29962,-29956,-29963,-29955,-29948,-4947,-4947,-29985,-29986,-29986,-29984,-29989,-29990]} 1. Nf3 c5 2. g3 b6 3. Bg2 Bb7 4. O-O g6 5. c3 Bg7 6. d4 Nf6 {LiveBook: 86 Games} 7. a3 $146 {A49: 1 d4 Nf6 2 Nf3 g6 3 g3: Anti-King's Indian systems} ({Predecessor:} 7. Bg5 O-O 8. Nbd2 h6 9. Bxf6 Bxf6 10. e3 h5 11. Ne1 d5 12. Nd3 Nc6 13. f4 Ba6 14. Nf3 e6 {1-0 (46) Banusz,T (2612)-Gledura,B (2621) Budapest 2018}) 7... O-O 8. b4 Qc7 9. Nbd2 {The position is equal.} d6 10. Re1 Ne4 11. Bb2 Nd7 12. Nxe4 Bxe4 13. Nd2 Bxg2 14. Kxg2 d5 15. e3 e5 {[%cal Be7e5,Be5e4][%mdl 32]} 16. Rc1 (16. dxc5 $11 {keeps the balance.} bxc5 17. e4) 16... Qb7 17. Qf3 (17. dxc5 $15 bxc5 18. c4) 17... e4 $17 18. Qe2 f5 (18... c4 $17) 19. c4 $15 b5 20. bxc5 bxc4 21. Ba1 Qa6 22. Nb1 $2 {[#]} (22. h4 $15) 22... Nxc5 $1 $19 {[%mdl 512] And now ...Nd3 would win.} 23. dxc5 {Black must now prevent Bxg7.} Bxa1 24. Red1 Qc6 25. Qd2 Rfd8 ({Resist} 25... Qxc5 26. Qxd5+ Qxd5 27. Rxd5 $17) 26. Qa5 Rd7 27. a4 {Now Qb5 and White clings on.} Rc8 28. Rc2 (28. Nc3 {keeps fighting.} Bxc3 29. Qxc3) 28... Qxc5 29. Qxc5 Rxc5 30. Na3 Bf6 31. Rxc4 Rxc4 32. Nxc4 {[%mdl 4096] Endgame KRB-KRN} Kf7 33. Na5 Bc3 34. Nb3 Bb4 ({Better is} 34... Rb7 $17 35. Nd4 Bxd4 36. Rxd4 Ke6) 35. Nd4 Bc5 36. Nb3 Be7 37. Rc1 Bd6 38. Rc6 Be5 39. Ra6 Bc3 (39... g5 $15) 40. Nc5 Rc7 41. Ne6 Re7 42. Ng5+ Ke8 43. Ne6 Bb4 44. Nf4 Rd7 45. Ne6 (45. h4 $11 {remains equal.}) 45... Rd6 $1 $17 {[%cal Rd6a6]} 46. Ng7+ (46. Nc7+ $17 Kd7 47. Rxa7) 46... Kf8 $19 47. Rxa7 Bc3 (47... h6 $19 {is more deadly. ...Bc3 is the strong threat.} 48. Nxf5 gxf5) 48. Nxf5 $17 gxf5 49. Rxh7 {KRB-KR} Kg8 50. Rh5 (50. Rc7 $15 d4 51. exd4 Bxd4 52. h4) 50... Rf6 51. f3 $2 {[%mdl 8192] [#]} (51. Kf1 $17) 51... d4 $1 $19 52. exd4 {[#]} e3 $1 {[%cal Re3e2] ( -> ...e2)} 53. Kf1 Bxd4 $2 (53... Rb6 54. Rxf5 Rb2) 54. Rh4 f4 $2 (54... Rd6 $19 {Hoping for ...Bc5.} 55. a5 Bc3) 55. Ke2 $2 {[%mdl 8192]} (55. Rxf4 $11 Rxf4 56. gxf4) 55... Rb6 56. Rg4+ Kh7 57. Rh4+ Kg6 (57... Kg7 $142 58. Rg4+ Kf6) 58. Rg4+ $2 (58. Kd3 Be5 59. gxf4 Rb3+ 60. Ke2) 58... Kf5 {Strongly threatening ...Rb2+.} 59. Kd3 Be5 60. gxf4 Bxf4 61. Rg8 Rd6+ 62. Ke2 Rd2+ 63. Ke1 Rxh2 64. Rf8+ Ke5 65. Re8+ Kd4 66. Rd8+ Kc3 67. Rc8+ Kb4 68. Rg8 Be5 {Black mates.} 69. Re8 Bc3+ 70. Kd1 Rd2+ {Precision: White = 35%, Black = 45%.} 0-1

[Event "Moscow-ch Men 2019"]
[Site "Moscow"]
[Date "2019.04.02"]
[Round "4.12"]
[White "Geivondian, Arman"]
[Black "Rozanov, Pavel B."]
[Result "1/2-1/2"]
[WhiteElo "2388"]
[BlackElo "2242"]
[Annotator "TA"]
[PlyCount "115"]
[EventDate "2019.03.30"]
[EventType "swiss"]
[EventCountry "RUS"]
[SourceTitle "playchess.com"]
[Source "ChessBase"]
[SourceQuality "1"]

{[%evp 15,115,13,12,22,20,1,4,0,0,9,0,0,14,-14,0,-29,-28,-29,-25,-14,-15,-15,-11,-39,-47,-41,-43,-42,0,0,0,0,0,0,0,-9,-9,-9,-6,-7,0,0,0,0,0,0,0,0,0,0,0,0,0,0,0,0,0,0,0,0,0,0,0,0,0,0,0,0,8,0,0,0,8,0,0,0,8,0,0,0,0,0,0,0,0,0,0,0,0,0,0,0,0,0,0,0,0,0,0,0,0,0]} 1. d4 e6 2. e4 d5 3. exd5 exd5 4. Nf3 Bf5 5. c4 Bxb1 6. Rxb1 {C01: French: Exchange Variation} Bb4+ 7. Bd2 Bxd2+ 8. Qxd2 Nf6 {LiveBook: 3 Games} 9. Qe3+ $146 ({Predecessor:} 9. Bd3 O-O 10. O-O dxc4 11. Bxc4 Nbd7 12. b4 Nb6 13. Bb3 {0-1 (25) Hakobyan,H (2168)-Schekachikhin,M (2370) St Petersburg 2018}) 9... Qe7 10. Qxe7+ Kxe7 11. c5 Re8 12. Bb5 c6 13. Be2 a5 14. Nd2 Kf8 15. f3 Na6 {Threatens to win with ...Nc7.} 16. Kf2 Nb4 17. Nb3 Nxa2 18. Ra1 a4 19. Rxa2 (19. Na5 {feels hotter.} Rxa5 20. Rxa2 Nh5 21. g3 g6 22. Rha1) 19... axb3 20. Rxa8 Rxa8 $11 {[%mdl 4096] Endgame KRB-KRN} 21. Rd1 b6 (21... Ra2 $5 {[%cal Ra2b2]} 22. Rd2 g6 $15) 22. cxb6 {The position is equal.} Rb8 23. Rd3 Rxb6 24. Bd1 Ke7 25. Ke3 Ne8 26. Rxb3 Rxb3+ 27. Bxb3 {KB-KN} Kd6 28. h4 h6 29. Bc2 Nc7 30. Bd3 Ne6 31. f4 Nf8 32. Bf5 Kc7 33. Bd3 Nd7 34. Kf3 Kd6 35. g4 Nb6 36. b3 Nc8 37. g5 hxg5 38. fxg5 {Hoping for h5.} g6 $1 39. Bf1 Ke7 40. Kf4 Kd6 41. Be2 Na7 42. Bd3 Ke6 43. Bf1 Kd6 44. Be2 Ke6 45. Bd3 Kd6 46. Kg4 Ke7 47. Ba6 Ke6 48. b4 Nb5 49. Bxb5 $1 cxb5 {KP-KP} 50. Kf4 {[#] Kg4 is the strong threat.} Kd6 51. Kg4 {And now h5 would win.} Ke6 52. Kf4 {Strongly threatening Kg4.} Kd6 53. Kf3 Kd7 54. Kg3 Ke7 55. Kh3 Kd7 56. Kg2 Ke7 57. Kf3 Kd7 58. Kf4 {Precision: White = 69%, Black = 80%.} 1/2-1/2

[Event "Moscow-ch Men 2019"]
[Site "Moscow"]
[Date "2019.04.02"]
[Round "4.13"]
[White "Savenkov, Konstantin"]
[Black "Ageichenko, Genadi A"]
[Result "1/2-1/2"]
[WhiteElo "2373"]
[BlackElo "2208"]
[Annotator "TA"]
[PlyCount "80"]
[EventDate "2019.03.30"]
[EventType "swiss"]
[EventCountry "RUS"]
[SourceTitle "playchess.com"]
[Source "ChessBase"]
[SourceQuality "1"]

{[%evp 20,80,39,29,50,37,39,29,29,9,9,9,10,11,12,6,23,0,0,-8,-13,-125,-127,-113,-119,-189,-187,-177,-161,-170,-128,-144,-150,-133,-115,-160,-106,-136,-128,-145,-148,-137,-123,-112,0,-131,-108,-108,-108,-132,-102,-131,-132,-113,-85,-141,-101,-121,29,29,64,67,51]} 1. e4 c5 2. Nf3 e6 3. d4 cxd4 4. Nxd4 Nf6 5. Bd3 Nc6 6. Nxc6 bxc6 7. c4 e5 8. Be3 Be7 9. O-O d6 10. Nc3 O-O 11. h3 Bb7 $146 {B40: Sicilian: 2...e6, Unusual lines} ({Predecessor:} 11... Be6 12. Qf3 Nd7 13. Rfd1 Rb8 14. b3 Rb7 15. Rac1 c5 16. Bb1 Qc8 17. Nd5 Qb8 18. Qg3 Nf6 19. Rd2 {0-1 (44) Cambando,J (2193)-Shumyatsky,V (2452) Florianopolis 2017}) 12. Qb3 Qc7 13. Rac1 Nd7 {White has an edge.} 14. c5 Nxc5 15. Bxc5 dxc5 16. Na4 Rab8 17. Qc3 Rfd8 18. Be2 {[#]} c4 $1 {[%mdl 512]} 19. Bxc4 (19. Qxc4 Rd4) 19... Rd4 $36 {[%mdl 2048] Black has good play.} 20. Rfe1 {[#]} (20. Qf3 $11 {remains equal.}) 20... Ba6 $1 $17 {[%mdl 512]} 21. Bxa6 {[#] Nc5 is the strong threat.} Bb4 $1 {[%cal Rb4c3]} ({And not} 21... Rxa4 22. Bc4 $14) 22. Qf3 ({Don't go for} 22. Qc2 $2 Bxe1 23. Rxe1 Qa5 $19) (22. Qxc6 $17 {was necessary.} Qxc6 23. Rxc6 Bxe1 {[%mdl 64] Discovered Attack} 24. Nc5) 22... Bxe1 $19 23. Nc5 Bb4 {White must now prevent ...Qa5.} 24. Nd3 Be7 25. Bc4 Bf6 26. g3 Rbd8 27. h4 Qa5 (27... Qd6 $142 {[%cal Rd4d3]} 28. Nc5 Rd1+ 29. Rxd1 Qxd1+ 30. Qxd1 Rxd1+ 31. Kg2 a5) 28. Qe3 Qa4 29. Nc5 Qb4 30. Nd3 Qb6 {Strongly threatening ...Rxd3!} 31. Qf3 Qa5 32. Qe3 $1 h6 33. Kg2 Qa4 34. Nc5 Qb4 {[%mdl 64] Double Attack} 35. Nd3 Qd6 {[%cal Rd4d3]} 36. Nc5 Qc7 37. Nd3 (37. b4 $142) 37... Qa5 38. Qe2 R8d7 {[#]} ({Black should play} 38... Qb6 $17 39. Qf3 a5) 39. Nc5 $1 $11 {[%mdl 512]} Rd2 (39... Qxc5 40. Bxf7+) 40. Qe1 $1 {[%mdl 1024] White has compensation.} Qd8 {Accuracy: White = 52%, Black = 47%.} 1/2-1/2

[Event "Moscow-ch Men 2019"]
[Site "Moscow"]
[Date "2019.04.02"]
[Round "4.14"]
[White "Trusov, Mikhail"]
[Black "Makarian, Rudik"]
[Result "1/2-1/2"]
[WhiteElo "2143"]
[BlackElo "2354"]
[Annotator "TA"]
[PlyCount "163"]
[EventDate "2019.03.30"]
[EventType "swiss"]
[EventCountry "RUS"]
[SourceTitle "playchess.com"]
[Source "ChessBase"]
[SourceQuality "1"]

{[%evp 9,163,-18,-5,0,-12,-17,-14,-53,-46,-58,-54,-58,-53,-72,-35,-79,-79,-104,-55,-68,-70,-106,-93,-99,-86,-84,-27,-32,-40,-74,-75,-87,-72,-70,-69,-62,-31,-33,0,-19,26,0,14,14,14,14,14,14,14,14,20,16,24,22,55,6,43,20,24,0,9,0,0,0,0,0,0,0,0,0,12,0,20,0,0,-26,-23,-21,0,0,0,0,0,0,0,0,0,0,0,0,0,0,0,0,0,-7,-3,-114,-86,-143,-141,-129,-19,-46,0,-41,0,0,0,-45,0,0,0,0,0,0,0,0,0,0,0,0,8,-6095,-6095,-29971,-29972,-29973,0,0,0,0,0,0,0,0,0,0,0,0,0,0,0,0,0,0,0,0,0,0,0,0,0,0,0,0]} 1. e3 Nf6 2. c4 e5 3. Nc3 Nc6 4. d4 Bb4 5. d5 (5. Nge2 exd4 6. exd4 O-O 7. a3 Bxc3+ 8. Nxc3 d5 9. cxd5 Nxd5 10. Be2 Be6 11. O-O Re8 12. Ne4 {½-½ (64) Rakhmanov,A (2629)-Frolyanov,D (2517) St Petersburg 2018}) 5... Bxc3+ 6. bxc3 {A25: English Opening vs King's Indian with ...Nc6 but without early d3} Ne7 7. Nf3 d6 8. Qc2 Bf5 9. Qb3 O-O 10. Be2 b6 11. O-O $146 c6 12. dxc6 Nxc6 13. Rd1 Qc7 14. Ba3 Rfd8 15. Rd2 Rac8 16. Bb4 Ne4 17. Rdd1 Na5 (17... Nc5 $17 18. Qb2 Qe7) 18. Bxa5 $1 $11 bxa5 19. Qa3 Qc5 20. Qc1 Be6 21. Bd3 Nf6 {...e4 is the strong threat.} 22. Nd2 a4 23. Qc2 Rb8 24. Rab1 Qa3 (24... Bg4 {feels hotter.} 25. Rxb8 Rxb8 26. Rb1 Rxb1+ 27. Qxb1 g6) 25. h3 (25. Rxb8 {is interesting.} Rxb8 26. Rb1 Rxb1+ 27. Nxb1 Qc5 28. Qxa4 g6 29. Nd2) 25... g6 26. Rxb8 Rxb8 27. Rb1 Rxb1+ 28. Nxb1 Qc5 29. Qxa4 Qb6 30. Qb4 Nd7 31. Nd2 Nc5 32. Bc2 (32. Be4 $5) 32... Na6 33. Qa3 Nc5 34. Qb4 Kf8 35. Kf1 Ke7 36. Ke2 f5 37. Kd1 Qc6 38. f3 Qb6 39. Ke2 Na6 40. Qb3 Bd7 41. Nb1 Qa5 42. Na3 Qc5 43. Nb5 f4 44. exf4 Qg1 45. fxe5 $1 Qxg2+ 46. Ke1 Qg3+ 47. Kd1 Qxf3+ 48. Kc1 Qf4+ 49. Kb2 Qxe5 50. Nxa7 Qc5 51. Qb7 Qxc4 52. Bb3 Qe2+ 53. Ka3 (53. Bc2 $1 $11 {keeps the balance.}) 53... Nc5 $17 54. Qc7 (54. Nc6+ $142 Kf6 55. Qc7 Qa6+ 56. Na5) 54... Qa6+ 55. Kb2 Ne6 ({Better is} 55... g5 $17 {White must now prevent ...Qb7.} 56. Bc2 h5) 56. Qb8 $11 Nf4 57. h4 Qe2+ 58. Ka3 Qa6+ 59. Kb2 Qe2+ 60. Ka3 Qe3 61. Nc8+ Bxc8 $1 62. Qxc8 {Threatens to win with Qc7+.} Qc5+ 63. Qxc5 dxc5 {[%mdl 4096] Endgame KB-KN} 64. Ka4 Kd6 65. Kb5 Ne2 66. c4 $2 {[%mdl 8192]} (66. Kc4 $11) 66... Nd4+ $19 67. Ka4 Nxb3 68. Kxb3 {[#] K3P-K3P} Kc6 $2 (68... h5 $1 {mates} 69. Kc2 {[#]} g5 $1 {[%mdl 512]} 70. Kd1 g4 71. Ke2 Kc6 72. Kf1 Kb6 73. Kf2 Ka5 74. Ke3 Kb4 75. Kd3 Ka3 76. Ke4 Kxa2 77. Ke3 Kb3 78. Kd3 Kb4 79. Ke2 Kxc4 80. Ke3 Kb3 81. Kf4 c4 82. Kg5 c3 83. Kxh5 g3 84. Kg5 g2 85. h5 g1=Q+ 86. Kf5 c2 87. Ke6 c1=Q 88. Kf6 Qgg5+ 89. Ke6 Qc8+ 90. Kf7 Qcg8#) 69. Kc3 {The position is equal.} Kb6 70. Kd3 h6 71. Ke4 g5 (71... Ka5 $5 72. Kd5 $8 Kb6 $11) 72. hxg5 hxg5 $11 {KPP-KPP} 73. Kf5 Ka5 {Hoping for ...Kb4.} 74. Kxg5 {KPP-KP} Kb4 75. Kf5 Kxc4 {KP-KP} 76. Ke4 Kc3 77. a4 {[%cal Ba2a4,Ba4a5,Ba5a6,Ba6a7][%mdl 32]} Kb4 78. Kd3 $1 Kb3 {( -> ...c4+)} 79. a5 c4+ 80. Ke2 c3 {And now ...c2 would win.} 81. a6 $1 c2 82. a7 $1 {Accuracy: White = 52%, Black = 50%.} (82. Kd2 {gets mated.} Kb2 83. Ke2 c1=Q 84. Kf2 Qc2+ 85. Kf3 Qa4 86. a7 Qxa7 87. Kg4 Qa5 88. Kh4 Kc2 89. Kg3 Qg5+ 90. Kf2 Qg4 91. Ke1 Kd3 92. Kf2 Kd2 93. Kf1 Ke3 94. Ke1 Qg1#) 1/2-1/2